[Event "Mondiale Lampo FIDE 2022"]
[Site "Alma Ata"]
[Date "29.12.2022"]
[Round "6.70"]
[White "Mamedov, Edgar"]
[Black "Suleymanli, Aydin"]
[Result "0-1"]
[WhiteTitle ""]
[BlackTitle ""]
[WhiteElo "2283"]
[BlackElo "2543"]
[WhiteFideId "13739980"]
[BlackFideId "13413937"]
[EventDate "29.12.2022"]

1. Nf3 d5 2. e3 c5 3. b3 a6 4. Bb2 Nc6 5. d4 cxd4 6. Nxd4 Nf6 7. Be2 Qc7 8. O-O
e5 9. Nxc6 bxc6 10. c4 Bd6 11. Nc3 Bb7 12. Rc1 Qe7 13. cxd5 cxd5 14. Na4 O-O 15.
Qc2 h5 16. Nb6 Rad8 17. Qc3 h4 18. h3 d4 19. Qc2 Be4 20. Bd3 Bxd3 21. Qxd3 Bc5
22. Nc4 dxe3 23. Qf5 exf2+ 24. Kh1 g6 25. Qxe5 Qxe5 26. Nxe5 Ne4 27. Kh2 Ng3 28.
Ng4 f5 29. Nf6+ Kf7 30. Rxf2 Bxf2 31. Nh7 Rc8 32. Rd1 Rfd8 33. Ng5+ Kg8 34. Rb1
Be3 35. Ne6 Rd6 0-1

[Event "Mondiale Lampo FIDE 2022"]
[Site "Alma Ata"]
[Date "29.12.2022"]
[Round "6.71"]
[White "Nesterov, Arseniy"]
[Black "Khusenkhojaev, Mustafokhuja"]
[Result "1-0"]
[WhiteTitle ""]
[WhiteElo "2573"]
[BlackElo "2265"]
[WhiteFideId "24198455"]
[BlackFideId "14700727"]
[EventDate "29.12.2022"]

1. d4 Nf6 2. c4 g6 3. h4 Bg7 4. Nc3 d5 5. h5 Nxh5 6. cxd5 e6 7. g4 Nf6 8. dxe6
Bxe6 9. e4 Bxg4 10. f3 Be6 11. Bg5 h6 12. Bh4 g5 13. Bf2 c6 14. Nge2 Nbd7 15.
Ng3 Qa5 16. Bh3 O-O-O 17. Nf5 Bxf5 18. Bxf5 Rhe8 19. Kf1 Kb8 20. Qb3 Rf8 21. Kg2
Ka8 22. e5 Nd5 23. Nxd5 cxd5 24. Rac1 Qb6 25. Qxb6 Nxb6 26. Rc2 f6 27. e6 Rfe8
28. Re1 Re7 29. Ree2 Nc4 30. Be1 Nd6 31. Bg6 Bf8 32. Bb4 Kb8 33. Bh5 b6 34. Rc6
Rc7 35. Rxc7 Kxc7 36. e7 Bxe7 37. Rxe7+ Kc6 38. Re6 1-0

[Event "Mondiale Lampo FIDE 2022"]
[Site "Alma Ata"]
[Date "29.12.2022"]
[Round "6.72"]
[White "Jobava, Baadur"]
[Black "Zverev, Lev"]
[Result "1-0"]
[WhiteTitle ""]
[BlackTitle ""]
[WhiteElo "2578"]
[BlackElo "2310"]
[WhiteFideId "13601520"]
[BlackFideId "24250775"]
[EventDate "29.12.2022"]

1. e4 e5 2. Nf3 Nc6 3. d4 exd4 4. Nxd4 Nf6 5. Nxc6 bxc6 6. Bd3 d5 7. exd5 cxd5
8. O-O Be7 9. h3 h6 10. Re1 O-O 11. Nd2 Be6 12. b3 c5 13. Bb2 Nd7 14. Nf3 Bf6
15. Bxf6 Qxf6 16. Re3 Rad8 17. c3 Nb6 18. Qd2 d4 19. cxd4 cxd4 20. Re4 Nd5 21.
Rxd4 Ne7 22. Re1 Nc6 23. Rxd8 Rxd8 24. Qe3 Kh8 25. Be4 Nb4 26. Qxa7 Qc3 27. Qb6
Rc8 28. a4 Nd5 29. Bxd5 Bxd5 30. Qe3 Qb4 31. Nd4 Rc3 32. Qd2 Qc5 33. Nb5 Rxb3
34. Qd4 Qxd4 35. Nxd4 Rb4 36. Nb5 Bc6 37. Nd6 f6 38. a5 Ra4 39. Rc1 Bd7 40. Rc7
Be6 41. Rc5 Ra1+ 42. Kh2 Ra2 43. Kg3 Kh7 44. f3 g5 45. Ne4 f5 46. Nd6 f4+ 47.
Kh2 Kg6 48. Ne4 Bf5 49. Rc6+ Kg7 50. Rc5 Bxe4 51. fxe4 f3 52. Kg3 fxg2 53. Kh2
Kf6 54. Rf5+ Ke6 55. Rb5 Kf6 56. Kg1 Ke6 57. Rf5 Ra4 58. Kxg2 Rxe4 59. Rb5 Ra4
60. Kf3 Kf6 61. Rb6+ Kf5 62. Rb5+ Kg6 63. Rb6+ Kf5 64. a6 Ra3+ 65. Ke2 h5 66.
Kd2 Kf4 67. Kc2 Kg3 68. Rb3+ Rxb3 69. Kxb3 Kxh3 70. a7 g4 71. a8=Q g3 72. Qh1+
Kg4 73. Kc3 h4 74. Kd3 h3 75. Qe4+ Kg5 76. Ke2 g2 77. Kf2 Kh5 78. Qf4 1-0

[Event "Mondiale Lampo FIDE 2022"]
[Site "Alma Ata"]
[Date "29.12.2022"]
[Round "6.73"]
[White "Puranik, Abhimanyu"]
[Black "Abdilkhair, Abilmansur"]
[Result "1-0"]
[WhiteTitle ""]
[BlackTitle ""]
[WhiteElo "2616"]
[BlackElo "2278"]
[WhiteFideId "5061245"]
[BlackFideId "13716417"]
[EventDate "29.12.2022"]

1. c4 e6 2. Nf3 Nf6 3. e3 Be7 4. b3 O-O 5. Bb2 a5 6. Nc3 d5 7. d4 b6 8. cxd5
Nxd5 9. Bd3 Bb7 10. O-O Nd7 11. Rc1 c5 12. Nxd5 Bxd5 13. Bb5 cxd4 14. Nxd4 Nc5
15. Nc6 Bxc6 16. Bxc6 Rc8 17. Bb5 Bf6 18. Ba3 Qc7 19. Qe2 g6 20. Rc2 Qb8 21.
Rfc1 Ne4 22. Bxf8 Rxf8 23. Bc6 Nc5 24. g3 Qd6 25. Bf3 h5 26. Rd1 Qe5 27. h4 Qf5
28. Kg2 Kg7 29. Rcd2 a4 30. Qb5 Bc3 31. Rd8 Rxd8 32. Rxd8 Qc2 33. Qe8 Kf6 34.
Qh8+ Ke7 35. Re8+ Kd7 36. Qf8 1-0

[Event "Mondiale Lampo FIDE 2022"]
[Site "Alma Ata"]
[Date "29.12.2022"]
[Round "6.74"]
[White "Vetokhin, Savva"]
[Black "Nogerbek, Kazybek"]
[Result "0-1"]
[WhiteTitle ""]
[BlackTitle ""]
[WhiteElo "2354"]
[BlackElo "2468"]
[WhiteFideId "44144474"]
[BlackFideId "13710427"]
[EventDate "29.12.2022"]

1. Nf3 g6 2. g3 Bg7 3. d4 d6 4. Bg2 Nf6 5. O-O O-O 6. c4 Ne4 7. Qc2 f5 8. Nbd2
Nxd2 9. Bxd2 e5 10. dxe5 dxe5 11. Rad1 Qf6 12. Bc3 Nc6 13. Rd5 Qe7 14. Rfd1 e4
15. Bxg7 Qxg7 16. Ne1 Nb4 17. Qd2 Nxd5 18. Qxd5+ Qf7 19. Qd4 Be6 20. b3 Qe7 21.
Qe5 Rfd8 22. Rc1 Rd2 23. Nc2 Rad8 24. Ne3 Kf7 25. g4 Qd6 26. Qc3 Rxe2 27. gxf5
gxf5 28. Nd5 Bxd5 29. cxd5 Qf4 30. Rf1 Rd2 31. Qh3 h6 32. Qh5+ Kf6 33. Kh1 Rg8
34. Rg1 Rxf2 35. Qd1 Rfxg2 36. Rxg2 Rxg2 37. Kxg2 Qg4+ 38. Qxg4 fxg4 0-1

[Event "Mondiale Lampo FIDE 2022"]
[Site "Alma Ata"]
[Date "29.12.2022"]
[Round "6.75"]
[White "Arjun, Kalyan"]
[Black "Elier, Ali"]
[Result "1-0"]
[WhiteTitle ""]
[WhiteElo "2505"]
[BlackElo "2165"]
[WhiteFideId "35018701"]
[BlackFideId "16217543"]
[EventDate "29.12.2022"]

1. e4 e5 2. Nf3 Nc6 3. Bc4 Nf6 4. d3 Qe7 5. a3 h6 6. Nc3 g6 7. O-O d6 8. Nd5
Nxd5 9. exd5 Nd8 10. d4 Bg7 11. dxe5 dxe5 12. Re1 O-O 13. h3 Bf5 14. c3 b6 15.
Be3 Nb7 16. Bd4 Nd6 17. Bxe5 Bxe5 18. Nxe5 Be4 19. Qd4 Rae8 20. Ng4 f5 21. Nh2
Qg5 22. f3 Bc2 23. Ba2 Qg3 24. Re6 Kh7 25. Nf1 Qg5 26. Rae1 Ba4 27. h4 Qd8 28.
Qxa4 b5 29. Qd4 a5 30. h5 f4 31. hxg6+ Kg8 32. Rxe8 Rxe8 33. Rxe8+ Qxe8 34. Qf6
a4 35. Qe6+ Kg7 36. Qxe8 Nxe8 37. Bb1 Kf6 38. Nd2 Ke5 39. Be4 Nf6 40. g7 Ng8 41.
Bh7 Kxd5 1-0

[Event "Mondiale Lampo FIDE 2022"]
[Site "Alma Ata"]
[Date "29.12.2022"]
[Round "6.76"]
[White "Petkov, Momchil"]
[Black "Sapenov, Daniyal"]
[Result "1-0"]
[WhiteTitle ""]
[BlackTitle ""]
[WhiteElo "2531"]
[BlackElo "2323"]
[WhiteFideId "2921642"]
[BlackFideId "13728911"]
[EventDate "29.12.2022"]

1. d4 Nf6 2. Nf3 e6 3. Bf4 c5 4. e3 Be7 5. Nbd2 b6 6. h3 O-O 7. a4 Ba6 8. Bb5
Qc8 9. O-O Bb7 10. c3 d6 11. Bd3 Nc6 12. Bh2 Qd7 13. Qb1 Rfc8 14. b4 cxb4 15.
cxb4 h6 16. e4 a5 17. Nc4 Nxb4 18. Nxb6 Qc7 19. Nxa8 Rxa8 20. Rc1 Qd7 21. Bb5
Qd8 22. Nd2 Qb6 23. e5 dxe5 24. Bxe5 Qd8 25. Qb3 Bf8 26. Qg3 Nfd5 27. Ne4 Ra7
28. Nd6 f6 29. Nxb7 Rxb7 30. Bf4 g5 31. Bd2 h5 32. Qf3 Rh7 33. Qe4 Qe7 34. Rc8
f5 35. Qe5 g4 36. Re8 Qg7 37. Qxe6+ Kh8 38. Qc8 Kg8 39. Bd7 Rh6 40. Be6+ Rxe6
41. Qxe6+ Kh8 42. Qxf5 Kg8 43. Qe6+ Kh8 44. Bh6 1-0

[Event "Mondiale Lampo FIDE 2022"]
[Site "Alma Ata"]
[Date "29.12.2022"]
[Round "6.77"]
[White "Averin, Nikolay"]
[Black "Zhigalko, Sergei"]
[Result "1-0"]
[WhiteTitle ""]
[BlackTitle ""]
[WhiteElo "2342"]
[BlackElo "2572"]
[WhiteFideId "24250473"]
[BlackFideId "13502956"]
[EventDate "29.12.2022"]

1. e4 c5 2. Nf3 Nc6 3. d4 cxd4 4. Nxd4 Nf6 5. Nc3 e5 6. Ndb5 d6 7. Bg5 a6 8. Na3
b5 9. Nd5 Be7 10. Bxf6 Bxf6 11. c3 Bg5 12. Be2 Ne7 13. Nxe7 Qxe7 14. Nc2 O-O 15.
O-O Bb7 16. Qd3 Rab8 17. Nb4 a5 18. Nd5 Qd7 19. Rad1 Bc6 20. h3 Kh8 21. a3 Qb7
22. Bf3 Qa7 23. Qe2 g6 24. Qc2 Bd7 25. Rd3 Be6 26. Rfd1 f5 27. Ne3 Be7 28. exf5
gxf5 29. Bd5 Bd7 30. Nf1 Rf6 31. Qe2 Rg6 32. Kh1 Bh4 33. Nh2 Qxf2 34. Qh5 e4 35.
R3d2 Qg3 36. Nf1 Qg5 37. Qe2 Qe7 38. Rd4 Bf6 39. R4d2 Qe5 40. Ne3 Bg5 41. Rd4
Re8 42. Nc2 Qg3 43. Rf1 Bf4 44. Rxf4 Qxf4 45. Ne3 Qg5 46. Nf1 Qf6 47. Qf2 Qe5
48. Qe2 Re7 49. b4 a4 50. Ne3 Reg7 51. Rd2 h6 52. c4 bxc4 53. Nxc4 Qc3 54. Bb7
Bb5 55. Bd5 Qc1+ 56. Rd1 Qc3 57. Rg1 Bxc4 58. Bxc4 Qxb4 59. axb4 a3 1-0

[Event "Mondiale Lampo FIDE 2022"]
[Site "Alma Ata"]
[Date "29.12.2022"]
[Round "6.78"]
[White "Suyarov, Mukhammadzokhid"]
[Black "Ghaem Maghami, Ehsan"]
[Result "1-0"]
[WhiteTitle ""]
[BlackTitle ""]
[WhiteElo "2299"]
[BlackElo "2490"]
[WhiteFideId "14210495"]
[BlackFideId "12500739"]
[EventDate "29.12.2022"]

1. d4 Nf6 2. Nc3 d5 3. Bf4 a6 4. e3 e6 5. g4 Bd6 6. g5 Nfd7 7. Nf3 Nc6 8. h4 Qe7
9. Bd3 Nb6 10. a4 Bxf4 11. exf4 Qb4 12. O-O Bd7 13. Qd2 Nxd4 14. Nxd4 Qxd4 15.
Ne2 Qc5 16. b4 Qe7 17. a5 Nc8 18. Qc3 O-O 19. Qxc7 Nd6 20. Qc5 Rac8 21. Qd4 Bb5
22. Ng3 Bxd3 23. cxd3 Nb5 24. Qb2 Rc3 25. Rae1 Qd6 26. Nh5 d4 27. Qe2 Qd5 28.
Kh2 Qf5 29. Rd1 Kh8 30. Qf3 Rc7 31. Rde1 Qd5 32. Qg3 Qd6 33. Rg1 Nc3 34. Re5 Nd5
35. f5 exf5 36. Rxd5 1-0

[Event "Mondiale Lampo FIDE 2022"]
[Site "Alma Ata"]
[Date "29.12.2022"]
[Round "6.79"]
[White "Postlmayer, Jakob"]
[Black "Khusnutdinov, Rustam"]
[Result "0-1"]
[WhiteTitle ""]
[BlackTitle ""]
[WhiteElo "2314"]
[BlackElo "2441"]
[WhiteFideId "1643622"]
[BlackFideId "13701703"]
[EventDate "29.12.2022"]

1. e4 d5 2. exd5 Qxd5 3. Nc3 Qa5 4. Bc4 Nf6 5. d3 c5 6. Nf3 e6 7. Bd2 Qd8 8. Qe2
Nc6 9. a3 Be7 10. O-O-O a6 11. Ba2 b5 12. Ne4 Bb7 13. Neg5 Nd5 14. Rde1 Qd7 15.
h4 h6 16. Ne4 O-O-O 17. Kb1 Kb8 18. h5 Ka8 19. g4 Qc7 20. Nc3 Nxc3+ 21. Bxc3 Nd4
22. Bxd4 cxd4 23. Rh3 Bf6 24. Nd2 Rc8 25. Ne4 Be5 26. Bb3 Bf4 27. Qd1 Rhe8 28.
Ng3 Rcd8 29. Rg1 Kb8 30. Ne2 Bg5 31. Qf1 e5 32. Ng3 a5 33. a4 bxa4 34. Bxa4 Re6
35. Nf5 f6 36. Ng3 Rb6 37. Ne4 Bf4 38. Qe2 Rb4 39. b3 Qb6 40. Ka2 Bd5 41. Ka1
Ka7 42. Rb1 Rb8 43. Rhh1 Qc7 44. Rb2 Qe7 45. Ra2 Qc7 46. Rb1 Bxe4 47. dxe4 Qc3+
48. Rbb2 Bc1 49. Qd1 Bxb2+ 50. Rxb2 Rxa4+ 0-1

[Event "Mondiale Lampo FIDE 2022"]
[Site "Alma Ata"]
[Date "29.12.2022"]
[Round "6.80"]
[White "Suleimen, Ergali"]
[Black "Harutyunyan, Tigran K."]
[Result "0-1"]
[BlackTitle ""]
[WhiteElo "2073"]
[BlackElo "2511"]
[WhiteFideId "13724452"]
[BlackFideId "13303635"]
[EventDate "29.12.2022"]

1. e4 e5 2. Nf3 Nc6 3. d4 exd4 4. Nxd4 Bb4+ 5. c3 Bc5 6. Be3 Bb6 7. Nf5 g6 8.
Bxb6 axb6 9. Ne3 Nf6 10. f3 O-O 11. c4 d6 12. Nc3 Re8 13. Be2 Nd7 14. O-O Nc5
15. Qd2 Be6 16. Ncd5 Bxd5 17. Nxd5 Ne5 18. b4 Ncd7 19. f4 Nc6 20. b5 Ne7 21. Bg4
Nxd5 22. Bxd7 Qxd7 23. Qxd5 Ra7 24. f5 Re5 25. Qd4 Qe7 26. f6 Qe6 27. Qd2 Rh5
28. e5 Qxe5 29. Rae1 Qxh2+ 30. Kf2 Rf5+ 31. Ke2 Qe5+ 32. Kd1 Qa1+ 33. Ke2 Qxf6
34. Rxf5 Qxf5 35. Kd1 Qb1+ 36. Ke2 Qxa2 0-1

[Event "Mondiale Lampo FIDE 2022"]
[Site "Alma Ata"]
[Date "29.12.2022"]
[Round "6.81"]
[White "Uruci, Endrit"]
[Black "Shishkov, Andrei"]
[Result "1-0"]
[WhiteTitle ""]
[BlackTitle ""]
[WhiteElo "2297"]
[BlackElo "2340"]
[WhiteFideId "22100199"]
[BlackFideId "4500563"]
[EventDate "29.12.2022"]

1. b3 e5 2. Bb2 Nc6 3. e3 Nf6 4. Bb5 Bd6 5. Na3 Na5 6. d4 Qe7 7. dxe5 Bxe5 8.
Bxe5 Qxe5 9. Qd4 Qxd4 10. exd4 O-O 11. f3 d5 12. Kf2 Bf5 13. g4 Bg6 14. h4 h5
15. g5 Ne8 16. Nh3 Nd6 17. Nf4 c6 18. Be2 b5 19. c3 Nab7 20. Rac1 a5 21. Nc2
Bxc2 22. Rxc2 g6 23. a4 bxa4 24. bxa4 Rfb8 25. Rb1 Nd8 26. Rcb2 Rxb2 27. Rxb2
Kf8 28. Nd3 Ke7 29. Ne5 Nf5 30. Bf1 Nxh4 31. Bh3 Nf5 32. Bxf5 gxf5 33. Kg3 f6
34. gxf6+ Kxf6 35. Rb6 Ne6 36. Rxc6 f4+ 37. Kh4 Rg8 38. Kxh5 Rg1 39. Ng4+ Kf5
40. Nh6+ Kf6 41. Ng4+ Ke7 42. Ra6 Rc1 43. Ra7+ Kd6 44. Ra6+ Ke7 45. Rxa5 Rxc3
46. Rxd5 Rxf3 47. Re5 Kd6 48. Re1 Ra3 49. Nf6 Rxa4 50. d5 Nd4 51. Ne4+ Kd7 52.
Nc5+ Kd6 53. Nxa4 Kxd5 54. Nc3+ Kc4 55. Ne4 Kd3 56. Nf2+ Kd2 57. Re4 Ne2 58. Kg4
Ke1 59. Nh3 Kd2 60. Nxf4 Nc3 61. Rd4+ Kc2 62. Kf3 Nb5 63. Rb4 Nc3 64. Rc4 Kb3
65. Rc8 Nb5 66. Ne2 Kb4 67. Ke3 Kb3 68. Nd4+ 1-0

[Event "Mondiale Lampo FIDE 2022"]
[Site "Alma Ata"]
[Date "29.12.2022"]
[Round "6.82"]
[White "Amangeldy, Ernur"]
[Black "Gurel, Ediz"]
[Result "0-1"]
[BlackTitle ""]
[WhiteElo "2097"]
[BlackElo "2454"]
[WhiteFideId "13720244"]
[BlackFideId "44507356"]
[EventDate "29.12.2022"]

1. d4 Nf6 2. c4 e6 3. Nf3 b6 4. g3 Bb7 5. Bg2 Be7 6. O-O O-O 7. d5 exd5 8. Nh4
c6 9. cxd5 Nxd5 10. Nf5 Nc7 11. e4 d5 12. Nc3 Bf6 13. Bf4 d4 14. Nxd4 Qxd4 15.
Bxc7 Na6 16. Bf4 Nc5 17. Qxd4 Bxd4 18. Rfd1 Rad8 19. Rab1 Ba6 20. e5 Nd3 21. Be3
Bxe3 22. fxe3 Nxe5 23. Rd4 c5 24. Rd5 Nc4 25. Kf2 Bc8 26. b3 Rxd5 27. Nxd5 Ne5
28. h3 Be6 29. Rd1 g6 30. Nf4 Bc8 31. Rd6 Kg7 32. Ke2 Ba6+ 33. Kf2 Re8 34. Rd2
Re7 35. Rd6 h5 36. Rd8 Bb7 37. Bxb7 Rxb7 38. Re8 Nc6 39. a3 Rd7 40. Rc8 Ne5 41.
Ke2 Re7 42. Kd2 Nf3+ 43. Kd3 Ng5 44. b4 cxb4 45. axb4 Rd7+ 46. Ke2 Ne4 47. Kf3
Nd6 48. Ra8 Nc4 49. g4 hxg4+ 50. hxg4 a5 51. bxa5 bxa5 52. Rc8 Ne5+ 53. Ke4 Nxg4
54. Ra8 Re7+ 55. Kf3 Nxe3 56. Rxa5 Nc4 57. Rc5 Ne5+ 58. Kg3 g5 59. Nd5 Ra7 60.
Ne3 f6 61. Kg2 Kg6 62. Rc8 Ra2+ 63. Kg3 Ra3 64. Kf2 Ra7 65. Rg8+ Rg7 66. Ra8 Rd7
67. Rg8+ Kf7 68. Ra8 Ke6 69. Ra6+ Rd6 70. Ra8 Rd2+ 71. Kg3 Rd3 72. Ra6+ Kf7 73.
Kf2 g4 74. Ra4 g3+ 75. Ke2 Rb3 76. Ra1 Rb2+ 77. Ke1 Nf3+ 78. Kd1 g2 79. Kc1 0-1

[Event "Mondiale Lampo FIDE 2022"]
[Site "Alma Ata"]
[Date "29.12.2022"]
[Round "6.83"]
[White "Korelskiy, Egor"]
[Black "Degenbaev, Aziz"]
[Result "1/2-1/2"]
[WhiteTitle ""]
[WhiteElo "2153"]
[BlackElo "2139"]
[WhiteFideId "34329064"]
[BlackFideId "13802640"]
[EventDate "29.12.2022"]

1. e4 c5 2. Nf3 d6 3. d4 cxd4 4. Nxd4 Nf6 5. Nc3 Nc6 6. Bg5 Bd7 7. Qd2 Rc8 8.
O-O-O Nxd4 9. Qxd4 Qa5 10. Bxf6 gxf6 11. Kb1 Qc5 12. Qd2 Bg7 13. Nd5 h6 14. h3
f5 15. f3 fxe4 16. fxe4 e6 17. Ne3 Qe5 18. Qb4 O-O 19. Ng4 Qf4 20. Qxd6 Qxe4 21.
Bd3 Qc6 22. Qxd7 Qxd7 23. Bh7+ Kxh7 24. Rxd7 h5 25. Ne3 Rb8 26. Rf1 f5 27. Nc4
Rfd8 28. Rfd1 Rxd7 29. Rxd7 Kg6 30. c3 b5 31. Nd6 a6 32. Re7 Kf6 33. Ra7 Bf8 34.
Rxa6 Rd8 35. Nxb5 Rd2 36. Nd4 Rxg2 37. Rxe6+ Kg5 38. Re5 Rf2 39. a4 Bg7 40. Rd5
Bxd4 41. cxd4 Kf4 42. a5 Ke4 43. a6 Kxd5 44. a7 Rf1+ 45. Ka2 Kxd4 46. a8=Q f4
47. Qd8+ Ke3 48. Qe7+ Kf2 49. Qh4+ Ke3 50. Qxh5 f3 51. Qe5+ Kf2 52. h4 Re1 53.
Qh2+ Ke3 54. Qg3 Ke2 55. Qg4 Ke3 56. Qe6+ Kf2 57. Qf5 Ke3 58. Qg5+ Ke2 59. Qg4
Ke3 60. Qg3 Ke2 61. h5 f2 62. Qe5+ Kf3 63. Qf5+ Kg3 64. Qg5+ Kf3 65. Qf6+ Kg3
66. Qg6+ Kf3 67. Qf5+ Kg3 68. Qg5+ Kf3 1/2-1/2

[Event "Mondiale Lampo FIDE 2022"]
[Site "Alma Ata"]
[Date "29.12.2022"]
[Round "6.84"]
[White "Begmuratov, Khumoyun"]
[Black "Everett, Elijah"]
[Result "1-0"]
[WhiteTitle ""]
[WhiteElo "2399"]
[BlackElo "2202"]
[WhiteFideId "14210207"]
[BlackFideId "12973696"]
[EventDate "29.12.2022"]

1. e4 c5 2. Nc3 d6 3. Bb5+ Nd7 4. d4 cxd4 5. Qxd4 a6 6. Bxd7+ Bxd7 7. Nf3 e5 8.
Qd3 h6 9. Nd2 Nf6 10. Nc4 Be6 11. Ne3 Rc8 12. O-O Be7 13. Bd2 O-O 14. Kh1 Qc7
15. f3 Rfd8 16. Be1 d5 17. exd5 Bb4 18. Bh4 g5 19. Ne4 Be7 20. Nxf6+ Bxf6 21.
Bf2 Bg7 22. c4 Bd7 23. Rac1 Qa5 24. a3 Qa4 25. Rfe1 Rf8 26. g4 Rfe8 27. Nf1 e4
28. fxe4 Bxb2 29. Rb1 Qxa3 30. Qxa3 Bxa3 31. Rxb7 Bxg4 32. Nd2 a5 33. Bd4 Bb4
34. Be3 Bxd2 35. Bxd2 Rxc4 36. Bxa5 Rexe4 37. Rxe4 Rxe4 38. Rb8+ Kh7 39. d6 Rd4
40. Bb4 Kg6 41. Kg1 Be6 42. Kf2 h5 43. Ke3 Rd1 44. Rb5 g4 45. Kf4 Rd4+ 46. Ke3
Rd1 47. Kf4 Rd4+ 48. Ke3 Rd1 49. Ra5 Rb1 50. Bd2 Rb7 51. Kf2 Rd7 52. Bf4 Rb7 53.
Rg5+ Kf6 54. Rxh5 Rb2+ 55. Ke3 Rb3+ 56. Ke2 Rb2+ 57. Bd2 Bc4+ 58. Ke3 Ke6 59.
Rh6+ Kd7 60. Bc3 Rb3 61. Kd2 Be6 62. Be5 Rh3 63. Rf6 Rh5 64. Bg3 Rd5+ 65. Ke3
Rf5 66. Rh6 Rf3+ 67. Kd4 Ra3 68. Rh8 Ra4+ 69. Ke5 Ra5+ 70. Kf4 Ra4+ 71. Kg5 Ra5+
72. Kh4 Ra7 73. Rb8 Kc6 74. Rb2 Rd7 75. Rc2+ Kd5 76. Kg5 Ke4 77. Kf6 Kd5 78.
Rd2+ Kc6 79. Re2 Kd5 80. Re1 Rb7 81. Rd1+ Kc6 82. Be5 Rd7 83. Rd3 Rb7 84. Kg7
Rd7 85. Kf6 Rb7 86. Rc3+ Kd5 87. Bg3 Rd7 88. Ra3 Kc6 89. Ke5 Rb7 90. Kd4 Rd7 91.
Ra6+ Kb5 92. Ra1 Kc6 93. Rc1+ Kb6 94. Bf4 Kb7 95. Ke5 Kb6 96. Kf6 Kb7 97. Kg7
Kb6 98. Kf8 Kb7 99. Ke8 Kb6 100. Re1 Kc6 101. Rc1+ Kb6 102. Rc3 Kb7 103. Be5 Kb6
104. Rc2 Kb7 105. Rc1 Kb6 106. Bd4+ Kb7 107. Be5 Kb6 108. Rf1 Kc6 109. Bg3 Kb6
110. Rf4 Kc6 111. Rf6 Ra7 112. Bf4 Ra8+ 113. Ke7 Ra7+ 114. Kf8 Ra8+ 115. Kg7 Kd7
116. Bg3 Ra4 117. Rf1 Ra7 118. Rb1 Kd8 119. Bh4+ Kd7 120. Be7 Kc6 121. Kf6 Kd7
122. Rc1 Rb7 123. Rc5 Ra7 124. Ke5 Rb7 125. Ra5 Kc6 126. Kd4 Kd7 127. Kc5 Kc8
128. Ra8+ Kd7 129. Rd8# 1-0

[Event "Mondiale Lampo FIDE 2022"]
[Site "Alma Ata"]
[Date "29.12.2022"]
[Round "6.85"]
[White "Akhilbay, Imangali"]
[Black "Tologon tegin, Semetei"]
[Result "0-1"]
[BlackTitle ""]
[WhiteElo "2140"]
[BlackElo "2394"]
[WhiteFideId "13734857"]
[BlackFideId "13800574"]
[EventDate "29.12.2022"]

1. d4 Nf6 2. Bf4 e6 3. Nc3 c5 4. e3 cxd4 5. exd4 d6 6. g4 Qb6 7. g5 Nfd7 8. a3
a6 9. Nf3 Be7 10. h4 O-O 11. Bd3 Re8 12. h5 Nf8 13. Qd2 Qxb2 14. Rb1 Qxa3 15. g6
Nc6 16. gxf7+ Kxf7 17. Rb3 Qa1+ 18. Rb1 Qa5 19. Rg1 Bf6 20. Ng5+ Kg8 21. h6 g6
22. Kf1 Nxd4 23. Nge4 Bh8 24. Kg2 b5 25. Ra1 Qb6 26. Nxd6 Rd8 27. Nde4 Bb7 28.
f3 Nf5 29. Kh3 Rac8 30. Ra3 Qc6 31. Rb3 Bd4 32. Rg2 e5 33. Bg5 Qe6 34. Bxd8 Ne3+
35. Kg3 Nf1+ 36. Kh4 Nxd2 37. Bf6 Nxe4 0-1

[Event "Mondiale Lampo FIDE 2022"]
[Site "Alma Ata"]
[Date "29.12.2022"]
[Round "6.86"]
[White "Uskov, Artem"]
[Black "Munkhdalai, Amilal"]
[Result "1-0"]
[WhiteTitle ""]
[BlackTitle ""]
[WhiteElo "2376"]
[BlackElo "2142"]
[WhiteFideId "34254854"]
[BlackFideId "4903250"]
[EventDate "29.12.2022"]

1. e4 c5 2. Nf3 Nc6 3. d4 cxd4 4. Nxd4 Qc7 5. Nc3 e6 6. g4 a6 7. Be3 b5 8. Bg2
Bb7 9. Qd2 Nxd4 10. Bxd4 Ne7 11. O-O-O Nc6 12. Kb1 Nxd4 13. Qxd4 f6 14. f4 Bc5
15. Qd3 Rd8 16. f5 O-O 17. h4 Bb4 18. Ne2 Qe5 19. Nd4 Bc5 20. Nb3 Bb6 21. Rhe1
Bc6 22. Bh1 a5 23. g5 a4 24. Nd2 Ra8 25. Nf3 Qc5 26. gxf6 Rxf6 27. fxe6 dxe6 28.
e5 Rf5 29. Ng5 Bxh1 30. Nxe6 Qf2 31. Rxh1 Rxe5 32. Ng5 Qf5 33. Qd6 Bc5 34. Qc6
Rf8 35. Qxb5 Be3 36. Qc4+ Kh8 37. Rhf1 Bf2 38. Rd8 Bc5 39. Rxf8+ Bxf8 40. Nf7+ 1-0

[Event "Mondiale Lampo FIDE 2022"]
[Site "Alma Ata"]
[Date "29.12.2022"]
[Round "6.87"]
[White "Nissinen, Niilo Man"]
[Black "Mamatov, Melis"]
[Result "1-0"]
[WhiteTitle ""]
[BlackTitle ""]
[WhiteElo "1996"]
[BlackElo "2399"]
[WhiteFideId "30950767"]
[BlackFideId "13800027"]
[EventDate "29.12.2022"]

1. e4 c5 2. Nf3 d6 3. d4 cxd4 4. Nxd4 Nf6 5. Nc3 e5 6. Nb3 Be6 7. Be3 Be7 8. f3
a6 9. Qd2 O-O 10. Rd1 b5 11. Be2 Nbd7 12. O-O Qc7 13. Qe1 Nb6 14. Qf2 Nc4 15.
Bxc4 Bxc4 16. Rfe1 a5 17. Bb6 Qc8 18. Nxa5 b4 19. Nd5 Nxd5 20. exd5 Bb5 21. f4
Bf6 22. f5 Bd8 23. Bxd8 Rxd8 24. Nb3 Rxa2 25. f6 Rd7 26. Qg3 g6 27. Qe3 Rc7 28.
Ra1 Rxa1 29. Rxa1 Rb7 30. Qh6 Qf8 31. Ra8 1-0

[Event "Mondiale Lampo FIDE 2022"]
[Site "Alma Ata"]
[Date "29.12.2022"]
[Round "7.4"]
[White "Durarbayli, Vasif"]
[Black "Fedoseev, Vladimir3"]
[Result "0-1"]
[WhiteTitle ""]
[BlackTitle ""]
[WhiteElo "2612"]
[BlackElo "2688"]
[WhiteFideId "13402935"]
[BlackFideId "24130737"]
[EventDate "29.12.2022"]

1. e4 c5 2. Nf3 e6 3. d4 cxd4 4. Nxd4 a6 5. c4 Nf6 6. Nc3 Qc7 7. Be3 Bb4 8. Qb3
Bc5 9. Be2 O-O 10. O-O d6 11. Rfd1 Bd7 12. a3 Nc6 13. Nc2 Rfc8 14. Qa2 Ne5 15.
h3 Rab8 16. Rac1 Bc6 17. f3 Nh5 18. b4 Bxe3+ 19. Nxe3 Nf4 20. Bf1 Qe7 21. Qf2
Rd8 22. g3 Nh5 23. f4 Ng6 24. Kh2 Nf6 25. Bg2 Rbc8 26. Rd2 b5 27. cxb5 Bxe4 28.
bxa6 Bxg2 29. Qxg2 Qa7 30. Qe2 d5 31. Na2 Rxc1 32. Nxc1 Ne4 33. Rc2 Qb8 34. Nd3
h5 35. Qxh5 Qb6 36. Qe2 Qxa6 37. Nc5 Nxc5 38. bxc5 Qxa3 39. c6 Rc8 40. Ng2 Ne7
41. Qb5 Qd6 42. Qb7 Rxc6 43. Qa8+ Kh7 44. Rb2 Rc8 45. Qa7 Rc7 46. Qa8 Qc6 47.
Qf8 Ng6 48. Qd8 Rc8 49. Qg5 Qd7 50. h4 Ne7 51. Qh5+ Kg8 52. Qd1 Nf5 53. Qb1 Qc7
54. h5 Nh6 55. Kh3 e5 56. Rb7 Qd6 57. fxe5 Qe6+ 58. Kh2 Qxe5 59. Nf4 Nf5 60. Qd3
Ne3 61. Kh3 d4 62. Ra7 Rd8 63. Qb3 Qf5+ 64. Kh2 Ng4+ 65. Kg2 d3 66. Qb6 Rf8 67.
Qd6 Qe4+ 68. Kh3 Nf2+ 69. Kh4 Qf5 70. Qd7 Qf6# 0-1

[Event "Mondiale Lampo FIDE 2022"]
[Site "Alma Ata"]
[Date "29.12.2022"]
[Round "7.5"]
[White "Ganguly, Surya Shekhar"]
[Black "Mamedyarov, Shakhriyar"]
[Result "0-1"]
[WhiteTitle ""]
[BlackTitle ""]
[WhiteElo "2582"]
[BlackElo "2740"]
[WhiteFideId "5002150"]
[BlackFideId "13401319"]
[EventDate "29.12.2022"]

1. e4 e5 2. Nf3 Nc6 3. d4 exd4 4. Nxd4 Bc5 5. Nb3 Bb6 6. Nc3 d6 7. Qe2 Be6 8.
Be3 Nf6 9. O-O-O O-O 10. Bg5 h6 11. Bh4 Re8 12. Qd2 Nxe4 13. Qf4 Ng5 14. Ne4 f6
15. Bd3 Ne5 16. Bxg5 fxg5 17. Qg3 Bf5 18. Rhe1 Nxd3+ 19. cxd3 a5 20. a3 d5 21.
Nc3 c6 22. Na4 Rxe1 23. Rxe1 Bc7 24. Qf3 Qf6 25. Nac5 a4 26. Nd2 Bf4 27. Re2 b6 0-1